| 000 | 00638nam a22001937a 4500 | ||
|---|---|---|---|
| 005 | 20250801111907.0 | ||
| 010 | _aENG-146300 | ||
| 020 |
_a9788198436917 _c799.00 |
||
| 035 | _aEN-129832 | ||
| 037 | _bDBAD | ||
| 082 | _a338.954 | ||
| 100 |
_aAgrawal, shobha _983567 |
||
| 245 |
_aGrowth of indian economy through indian knowledge system/ _cshobha agrawal |
||
| 250 | _a01 | ||
| 260 |
_achhattisgarh _baditi publication _c2025 |
||
| 270 |
_aopp. new panchjanya vidya mandir, near tiranga chowk kushalpur, raipur, chhattisgarh, india _bchhattisgarh |
||
| 300 |
_a438p. _c20cm(pbk) |
||
| 942 |
_2ddc _cEN _h338.954 _mAgr |
||
| 999 |
_c212775 _d212775 |
||